=LDR 00000nam 2200000 4500 =001 INLIS000000000012005 =005 20130612103543 =008 ***********************************Ind** =035 ##$$0010-061300000012005 =041 ##$$a Ind =082 ##$$a 581.634 =090 ##$$a 581.634, Kar b =100 ##$$a Karta Saputra, A.G =245 ##$$a Budidaya tanaman berkhasiat obat, A.G Karta Saputra =260 ##$$a 1988 $b Jakarta; Bina Aksara =300 ##$$a xi, 135 hlm, Ilus, 21 cm =650 ##$$a Tanaman Obat =850 ##$$a NBPNMAT =990 ##$$a 91487/BPAP-NTB/2014 =990 ##$$a 0001/BPAP-NTB/20142015